Time series analysis forecasting and control

Salvato in:
Dettagli Bibliografici
Autore principale: Box, George E. P.
Altri autori: Jenkins, Gwilym M., Reinsel, Gregory C.
Natura: Libro
Lingua:inglese
Pubblicazione: Upper Saddle River, N.J. Prentice-Hall International, Inc. 1994
Edizione:3. ed.
Soggetti:
Tags: Aggiungi Tag
Nessun Tag, puoi essere il primo ad aggiungerne!!

MARC

LEADER 00000nam$a2200000$$$4500
001 0010987
005 20240111124654.9
020 |a 0-13-060774-6 
041 0 |a eng 
245 1 0 |a Time series analysis  |b forecasting and control  |c George E. P. Box, Gwilym M. Jenkins, Gregory C. Reinsel 
250 |a 3. ed. 
264 1 |a Upper Saddle River, N.J.  |b Prentice-Hall International, Inc.  |c 1994 
300 |a 598 s. 
610 2 0 |a rady časové 
610 2 0 |a analýzy 
610 2 0 |a prognózy 
610 2 0 |a kontrola 
610 2 0 |a modely matematické 
610 2 0 |a modely dynamické 
610 2 0 |a modely stochastické 
610 2 0 |a modely lineárne 
100 1 |a Box, George E. P. 
700 1 |a Jenkins, Gwilym M. 
700 1 |a Reinsel, Gregory C.